000 00610nam a2200205Ia 4500
003 IIN
005 20240129154521.0
008 231217s9999 xx 000 0 und d
020 _cRs.795.00
_a9789386217806
040 _aIIN
_bEnglish
082 _a615.1
_bPAT
100 1 _aPathania, Joginder Singh
245 1 _aTextbook of Pharmacology for Bsc Nursing Students /
_cJoginder Singh Pathania , Rupendra Kumar Bharti & Vikas Sood
260 _bCBS
_aNew Delhi
_c2017
300 _axxiv,399p.
650 1 _aPharmacology
700 1 _aBharti, Rupendra Kumar
700 1 _aSood, Vikas
942 _cBOOK
999 _c1413
_d1413